Mechanics of materials / (Record no. 545048)
[ view plain ]
| 000 -LEADER | |
|---|---|
| fixed length control field | 00724cam a2200217 i 4500 |
| 020 ## - INTERNATIONAL STANDARD BOOK NUMBER | |
| International Standard Book Number | 0135713560 |
| 082 00 - DEWEY DECIMAL CLASSIFICATION NUMBER | |
| Classification number | 620.1123 |
| Author Mark | POP |
| -- | D |
| 100 1# - MAIN ENTRY--PERSONAL NAME | |
| Personal name | Popov, E. P. |
| 9 (RLIN) | 34542 |
| 245 10 - TITLE STATEMENT | |
| Title | Mechanics of materials / |
| Statement of responsibility, etc. | E.P. Popov, text in collaboration with S. Nagarajan ; problems with assistance of Z.A. Lu. |
| 250 ## - EDITION STATEMENT | |
| Edition statement | 2d ed. |
| 260 ## - PUBLICATION, DISTRIBUTION, ETC. | |
| Place of publication, distribution, etc. | Englewood Cliffs, N.J. : |
| Name of publisher, distributor, etc. | Prentice-Hall, |
| Date of publication, distribution, etc. | c1976. |
| 300 ## - PHYSICAL DESCRIPTION | |
| Extent | xiii, 590 p. : |
| Other physical details | ill. ; |
| Dimensions | 24 cm. |
| 500 ## - GENERAL NOTE | |
| General note | Includes index. |
| 526 ## - STUDY PROGRAM INFORMATION NOTE | |
| Program name | 0 |
| Interest level | 0 |
| Reading level | 0 |
| Title point value | 620_112300000000000_POP |
| 526 ## - STUDY PROGRAM INFORMATION NOTE | |
| Program name | 0 |
| Interest level | 0 |
| Reading level | 0 |
| Title point value | 620_112300000000000_POP |
| 650 #0 - SUBJECT ADDED ENTRY--TOPICAL TERM | |
| Topical term or geographic name entry element | MCE |
| 9 (RLIN) | 379 |
| 650 #0 - SUBJECT ADDED ENTRY--TOPICAL TERM | |
| Topical term or geographic name entry element | Strength of materials. |
| 9 (RLIN) | 563 |
| 700 1# - ADDED ENTRY--PERSONAL NAME | |
| Personal name | Lu, Z. A. |
| 9 (RLIN) | 40798 |
| 700 1# - ADDED ENTRY--PERSONAL NAME | |
| Personal name | Nagarajan, Sambamurthy, |
| 9 (RLIN) | 40799 |
| 942 ## - ADDED ENTRY ELEMENTS (KOHA) | |
| Source of classification or shelving scheme | |
| Koha item type | Book |
| Withdrawn status | Lost status | Source of classification or shelving scheme | Damaged status | Not for loan | Permanent Location | Current Location | Date acquired | Total Checkouts | Full call number | Barcode | Date last seen | Date last checked out | Price effective from | Koha item type |
|---|---|---|---|---|---|---|---|---|---|---|---|---|---|---|
| Military College of Engineering (MCE) | Military College of Engineering (MCE) | 05/16/2014 | 2 | 620.1123 POP | MCE-44884 | 01/19/2016 | 08/31/2015 | 05/16/2014 | Book | |||||
| Military College of Engineering (MCE) | Military College of Engineering (MCE) | 05/16/2014 | 620.1123 POP | MCE-44883 | 05/16/2014 | 05/16/2014 | Book |
